Аварии с тяжелым повреждением активной зоны водоохлаждаемых реакторов. Методы и результаты исследований. Ч. 1: Исследования тяжелых аварий на энергетических реакторах (Запись № 6953664)

Подробности
000 -МАРКЕР
контрольное поле 01763nam2a22002531 4500
001 - ИДЕНТИФИКАТОР ЗАПИСИ
контрольное поле rc\711625
005 - ИДЕНТИФИКАТОР ВЕРСИИ
контрольное поле 20250621231921.0
010 ## - МЕЖДУНАРОДНЫЙ СТАНДАРТНЫЙ НОМЕР КНИГИ (ISBN)
Номер (ISBN) 5-85165-309-4
Тираж 120
035 ## - ДРУГИЕ СИСТЕМНЫЕ НОМЕРА
Идентификатор записи (NLR Aleph) 005973037
100 ## - ДАННЫЕ ОБЩЕЙ ОБРАБОТКИ
Данные общей обработки 20031121d1996 |||y0rusy50 ca
101 0# - ЯЗЫК РЕСУРСА
Язык текста, звукозаписи и т.д. русский
102 ## - СТРАНА ПУБЛИКАЦИИ ИЛИ ПРОИЗВОДСТВА
Страна публикации Российская Федерация
105 ## - ПОЛЕ КОДИРОВАННЫХ ДАННЫХ: ТЕКСТОВЫЕ МАТЕРИАЛЫ, МОНОГРАФИЧЕСКИЕ
Кодированные данные о монографическом текстовом документе a |||||||||
200 1# - ЗАГЛАВИЕ И СВЕДЕНИЯ ОБ ОТВЕТСТВЕННОСТИ
Основное заглавие Исследования тяжелых аварий на энергетических реакторах
210 ## - ПУБЛИКАЦИЯ, РАСПРОСТРАНЕНИЕ И ДР.
Дата издания, распространения и т.д. 1996
Место издания, распространения и т.д. Б. м.
215 ## - ФИЗИЧЕСКАЯ ХАРАКТЕРИСТИКА
Специфическое обозначение материала и объем 37 с.
Другие сведения о физической характеристике ил.
320 ## - ПРИМЕЧАНИЯ О НАЛИЧИИ В ДОКУМЕНТЕ БИБЛИОГРАФИИ / УКАЗАТЕЛЯ
Текст примечания Библиогр.: с. 33-37
461 #0 - УРОВЕНЬ НАБОРА
Встроенное поле 001rc\568
-- 2001#$aАварии с тяжелым повреждением активной зоны водоохлаждаемых реакторов. Методы и результаты исследований$eОбзор по отеч. и зарубеж. источникам 1982-1994 гг.$fМ-во Рос. Федерации по атом. энергии, Гос. науч. центр Рос. Федерации "НИИ атом. реакторов"$g[Алексеев А.В., Махин В.М.$gНауч. ред. к. ф.-м. н. А.В. Клинов]$vЧ. 1
Системный номер (АБИС) связанной записи 6194066
Место публикации Димитровград
Дата публикации 1996
Первые сведения об ответственности М-во Рос. Федерации по атом. энергии, Гос. науч. центр Рос. Федерации "НИИ атом. реакторов"
Имя издателя, распространителя и т.д. ГНЦ РФ НИИАР
Сведения, относящиеся к заглавию Обзор по отеч. и зарубеж. источникам 1982-1994 гг.
Заглавие Аварии с тяжелым повреждением активной зоны водоохлаждаемых реакторов. Методы и результаты исследований
Номер тома Ч. 1
801 #0 - ИСТОЧНИК ЗАПИСИ
Страна Российская Федерация
Организация NLR
Правила каталогизации psbo
801 #1 - ИСТОЧНИК ЗАПИСИ
Страна Российская Федерация
Организация ELAR
Источник данных rusmarc
852 ## - МЕСТОНАХОЖДЕНИЕ И ШИФР ХРАНЕНИЯ
Идентификатор организации NLR
Шифр хранения (Call Number) 97-4/2351
942 ## - ДОПОЛНИТЕЛЬНЫЕ ЭЛЕМЕНТЫ ЗАПИСИ (АБИС)
Тип экземпляра АБИС Книга
980 ## - КОЛЛЕКЦИЯ
Название коллекции Национальная библиография
Экземпляры
Тип экземпляра Дата поступления Библиотека постоянного хранения Библиотека текущего хранения Место хранения Шифр хранения Штрих-код Статус экземпляра
Книга 26.10.2013 РНБ (Московский) РНБ (Московский) Русский книжный фонд: издания с 1957 года 97-4/2351 5973037-10